Trois tondus et un pelé /
Saved in:
| Main Author: | |
|---|---|
| Format: | Book |
| Language: | French English |
| Published: |
Paris :
Gallimard,
1973
|
| Edition: | 1é ed. |
| Series: | Carré noir
156 |
| Subjects: | |
| ISBN: |
(brož.) |
| Physical Description: |
283 s. |
| Tags: |
Add Tag
No Tags, Be the first to tag this record!
|
Titul je dostupný aj v ... 

MARC
| LEADER | 00000nam a2200000 a 4500 | ||
|---|---|---|---|
| 001 | 000251663 | ||
| 005 | 20060630082706.0 | ||
| 008 | 060515s1973 fr e 000 0 freo | ||
| 020 | |a (brož.) | ||
| 040 | |a SVKKK |b slo |c SVKKK |e AACR2 | ||
| 041 | 1 | |a fre |h eng | |
| 044 | |a fr |c FR | ||
| 100 | 1 | |a Dodge, David |4 aut | |
| 245 | 1 | 0 | |a Trois tondus et un pelé / |c David Dodge |
| 250 | |a 1é ed. | ||
| 260 | |a Paris : |b Gallimard, |c 1973 | ||
| 300 | |a 283 s. | ||
| 440 | 0 | |a Carré noir |v 156 | |
| 655 | 7 | |a umelecká literatúra |2 SVKKKPH | |
| 998 | |a BK | ||
| 090 | |g SCKHL |k Sklad Hlavná 10 prízemie |a I.63006 |j 836512 |i 2720400016 |s Absenčne | ||